000 00671nam a22002297a 4500
005 20170124110147.0
010 _a979230
020 _c00.00
_a0852263236
035 _a979230
037 _bCen Lib/Ret
040 _aDPL
_bEN
082 _a181.41
_bGOP
100 _aGopalan, S.
_913011
245 _aHindu social philosophy /
_cby S. Gopalan
260 _aNew Delhi
_bWiley Eastern
_c1979
270 _bNew Delhi
_a4835/24, ansari road, dariya ganj
_e110002
300 _a293p.
_c21cm(Hb)
500 _aIncludes glossary and index
650 _aPhilosophy
_9110556
650 _aHindu philosophy
_9110557
942 _2ddc
_cEN
_h181.41
_mGOP
999 _c132080
_d132080